书目信息 |
| 题名: |
危机决策
|
|
| 作者: | 陈迅 , 王澍文 编著 | |
| 分册: | ||
| 出版信息: | 甘肃 甘肃文化出版社 2002 |
|
| 页数: | 412页 | |
| 开本: | 20cm | |
| 丛书名: | ||
| 单 册: | ||
| 中图分类: | F279.23 | |
| 科图分类: | ||
| 主题词: | 企业管理--风险管理--研究--中国 | |
| 电子资源: | ||
| ISBN: | 7-80608-682-X | |
| 000 | 01128nam0 22002777 450 | |
| 001 | 192004003917 | |
| 005 | 20070914111251.21 | |
| 010 | @a7-80608-682-X@dCNY25.00 | |
| 100 | @a20070602d2002 ekmy0chiy0121 ea | |
| 101 | 0 | @achi |
| 102 | @aCN@b620000 | |
| 105 | @ay z 000yy | |
| 200 | 1 | @a危机决策@Awei ji jue ce@d= Crisis decision@e中国企业危机管理的第一部MBA经典教案@f陈迅, 王澍文编著@zeng |
| 210 | @a甘肃@c甘肃文化出版社@d2002 | |
| 215 | @a412页@d20cm | |
| 300 | @a并列题名:Crisis decision | |
| 300 | @a其他题名:中国企业危机管理的第一部MBA经典教案 | |
| 330 | @a在现代企业的经营活动中, 危机无时不有, 无处不在, 面对危机, 以至身处险境, 企业应该如何思考? 作何决策? 已成为今天的企业家们不得不直接面对并必须予以高度重视, 本书就是针对这一话题而进行的一次深入的讨论。 | |
| 510 | 1 | @aCrisis decision@zeng |
| 517 | 1 | @a中国企业危机管理的第一部MBA经典教案@Azhong guo qi ye wei ji guan li de di yi buM BA jing dian jiao an |
| 606 | 0 | @a企业管理@x风险管理@x研究@y中国 |
| 690 | @aF279.23@v4 | |
| 701 | 0 | @a陈迅@Achen xun@4编著 |
| 701 | 0 | @a王澍文@Awang shu wen@4编著 |
| 801 | 0 | @aCN@c20070914 |
| 905 | @dF279.23@eC605 | |
| 危机决策= Crisis decision:中国企业危机管理的第一部MBA经典教案/陈迅, 王澍文编著.-甘肃:甘肃文化出版社,2002 |
| 412页;20cm |
| 并列题名:Crisis decision.-其他题名:中国企业危机管理的第一部MBA经典教案 |
| ISBN 7-80608-682-X:CNY25.00 |
| 在现代企业的经营活动中, 危机无时不有, 无处不在, 面对危机, 以至身处险境, 企业应该如何思考? 作何决策? 已成为今天的企业家们不得不直接面对并必须予以高度重视, 本书就是针对这一话题而进行的一次深入的讨论。 |
| ● |
| 相关链接 |
|
|
|
正题名:危机决策
索取号:F279.23/C605
 
预约/预借
| 序号 | 登录号 | 条形码 | 馆藏地/架位号 | 状态 | 备注 |
| 1 | 616416 | 206164167 | 社科库409/409社科库 97排4列4层/ [索取号:F279.23/C605] | 在馆 | |
| 2 | 616417 | 206164176 | 社科库409/409社科库 97排4列4层/ [索取号:F279.23/C605] | 在馆 | |
| 3 | 616418 | 206164185 | 社科库409/409社科库 97排4列4层/ [索取号:F279.23/C605] | 在馆 |